सहकारी गृहनिर्माण संस्था / (Record no. 54142)
[ view plain ]
| 000 -LEADER | |
|---|---|
| fixed length control field | 01038nam a22002297a 4500 |
| 005 - DATE AND TIME OF LATEST TRANSACTION | |
| control field | 20110721103311.0 |
| 008 - FIXED-LENGTH DATA ELEMENTS--GENERAL INFORMATION | |
| fixed length control field | 110721t xxu||||| |||| 00| 0 mar d |
| 010 ## - LCCN (DPL NO) | |
| LC control number | MAR-21103 |
| 020 ## - INTERNATIONAL STANDARD BOOK NUMBER | |
| International Standard Book Number | 9788172948610 |
| Terms of availability | 700.00 |
| 035 ## - SYSTEM CONTROL NUMBER | |
| System control number | MR-13761 |
| 037 ## - SOURCE OF ACQUISITION | |
| Source of stock number/acquisition | DBAD/PUB |
| 040 ## - CATALOGING SOURCE | |
| Original cataloging agency | DPL |
| Language of cataloging | MR |
| 082 ## - DEWEY DECIMAL CLASSIFICATION NUMBER | |
| Classification number | 332.32 |
| 100 ## - MAIN ENTRY--PERSONAL NAME | |
| Personal name | भोपटकर, मो त्र्य |
| 9 (RLIN) | 29792 |
| 245 ## - TITLE STATEMENT | |
| Title | सहकारी गृहनिर्माण संस्था / |
| Statement of responsibility, etc | मो त्र्यं भोपटकर |
| 246 ## - VARYING FORM OF TITLE | |
| Title proper/short title | Sahakari Gruhanirman Santha |
| Remainder of title | by Bhopatkar M T |
| 260 ## - PUBLICATION, DISTRIBUTION, ETC. (IMPRINT) | |
| Place of publication, distribution, etc | पुणे |
| Name of publisher, distributor, etc | दिलीपराज प्रकाशन |
| Date of publication, distribution, etc | 2011 |
| 270 ## - ADDRESS | |
| Address | 251क, शनिवार पेठ |
| City | पुणे |
| Postal code | 411030 |
| 300 ## - PHYSICAL DESCRIPTION | |
| Extent | दहा,643पृ |
| Dimensions | 22सेमी(सजिल्द) |
| 942 ## - ADDED ENTRY ELEMENTS (KOHA) | |
| Source of classification or shelving scheme | Dewey Decimal Classification |
| Item type | Marathi Books |
| Call number suffix | भोपट |
| Classification part | 332.32 |
| Withdrawn status | Lost status | Source of classification or shelving scheme | Damaged status | Not for loan | Collection code | Home library | Current library | Date acquired | Source of acquisition | Cost, normal purchase price | Total Checkouts | Full call number | Barcode | Date last seen | Copy number | Cost, replacement price | Koha item type |
|---|---|---|---|---|---|---|---|---|---|---|---|---|---|---|---|---|---|
| Dewey Decimal Classification | Not For Loan | Non-fiction | D.B.Act.Division | D.B.Act.Division | 21/07/2011 | DBAD / PUB | 700.00 | 332.32 भोपट | MR-13761 | 21/07/2011 | 1 | 700.00 | Marathi Books |
